000 00454nam a2200181Ia 4500
005 20250508154937.0
008 008 250505s9999 xx 000 0 hin d
037 _aTextual
040 _aFEDL
_beng
_cFEDL
041 _ahin
_2hin
084 _aFH, NAN
_qFEDL
100 _aNanda Gulshan
245 0 _aKati patang
260 _aDelhi, India
_bRajpal and Sons
300 _a221p.
942 _cTEXL
_hFH, NAN
999 _c1353021
_d1353021